O rozvoji medzinárodnej socialistickej ekonomickej integrácie

Gespeichert in:
Bibliographische Detailangaben
1. Verfasser: Belovič, Alexander
Format: Buch
Sprache:Slowakisch
Veröffentlicht: Bratislava Pravda 1977
Tags: Tag hinzufügen
Keine Tags, Fügen Sie das erste Tag hinzu!

MARC

LEADER 00000nam a2200000 4500
001 c120277
005 20041019155216.6
041 0 |a slo 
044 |a SK 
245 1 0 |a O rozvoji medzinárodnej socialistickej ekonomickej integrácie  |c Alexander Belovič 
264 1 |a Bratislava  |b Pravda  |c 1977 
300 |a 165 s. 
100 1 |a Belovič, Alexander